Anatole France en zapatillas / (Record no. 83279)

MARC details
000 -LEADER
campo de control de longitud fija 00643nam a2200181 i 4500
001 - NÚMERO DE CONTROL
campo de control 83279
003 - IDENTIFICADOR DE NÚMERO DE CONTROL
campo de control ES-MaACL
005 - FECHA Y HORA DE LA ÚLTIMA TRANSACCIÓN
campo de control 20231218204913.0
008 - DATOS DE LONGITUD FIJA--INFORMACIÓN GENERAL
campo de control de longitud fija 180703s1925 sp |||| | spa d
080 ## - NÚMERO DE LA CLASIFICACIÓN DECIMAL UNIVERSAL
Número de la Clasificación Decimal Universal 821.133.1-32"19"
100 1# - ENTRADA PRINCIPAL--NOMBRE DE PERSONA
Nombre de persona Brousson, Jean-Jacques.
9 (RLIN) 31968
245 10 - MENCIÓN DEL TÍTULO
Título Anatole France en zapatillas /
Mención de responsabilidad, etc. Jean Jacques Brousson ; traducción de Margarita Nelken.
260 ## - PUBLICACIÓN, DISTRIBUCIÓN, ETC.
Lugar de publicación, distribución, etc. Madrid :
Nombre del editor, distribuidor, etc. Biblioteca Nueva,
Fecha de publicación, distribución, etc. 1925.
300 ## - DESCRIPCIÓN FÍSICA
Extensión 331 p. ;
Dimensiones 20 cm.
700 1# - ENTRADA AGREGADA--NOMBRE PERSONAL
Nombre de persona Nelken, Margarita,
Fechas asociadas al nombre 1894-1968
9 (RLIN) 85355
852 ## - LOCALIZACIÓN
Ubicación ES-MaACL
Número de control de estantería L-32156
Nota libre .- Donat. herederos de la bibl. de Mª del Pilar Costa Palacín
Holdings
Estatus retirado Estado de pérdida Estado de daño No para préstamo Biblioteca de origen Biblioteca actual Ubicación en estantería Fecha de adquisición Fuente de adquisición Total de préstamos Signatura topográfica completa Código de barras Visto por última vez Precio de reemplazo Tipo de ítem Koha
        Biblioteca del Ateneo de Madrid Biblioteca del Ateneo de Madrid Depósito 2 03/07/2018     L-32156 1199056 23/02/2023 23/02/2023 Libro impreso